000 00888nam a22002897a 4500
001 BR8007130
003 BR-BrBNA
005 20230928090825.0
007 ta
008 230509b bl.||||| |||| 00| 0 por d
040 _aBR-BrBNA
_bpor
_cBiblioteca Nacional de Agricultura
041 _a(Por)
072 _aE30; E70; E15
_b1850
_b/G514
090 _ 1850 BR8007130
110 1 _aSecretaria Nacional de Producao Agropecuaria, Brasilia, DF (Brasil). Gerencia de Horticultura
_99231
245 1 _aPlano Nacional de Producao e Abastecimento de Tomate (cultura rasteira)[Brasil]
260 3 _aBrasilia, DF (Brasil):
_c1980.
300 _a10 p.
650 _aPLANEJAMENTO AGRICOLA
650 _aPROJETO DE DESENVOLVIMENTO
650 _aTOMATE
650 _aPRODUCAO
650 _aABASTECIMENTO
650 _aCREDITO RURAL
909 _a202309
_bLucia
_c55
_dLucia Elande
942 _cBK
999 _c30746
_d30746